Score 0/20 Timer 05:00
0 Plays Today
% Correct
The Lands of Oz
97.9%
Hogwarts
97.2%
Wonderland
95.9%
Neverland
95.9%
Middle Earth
91%
Narnia
90.3%
Panem
87.6%
Lilliput
84.1%
Camp Half-Blood
69%
Jurassic Park
59.3%
% Correct
Alagaesia
49.7%
Spiderwick Estate
35.2%
Berk
34.5%
Redwall
33.8%
City of Ember
23.4%
The Land of Stories
17.2%
Orbana
15.2%
Wildwood
12.4%
Muddle Earth
11.7%
Zamonia
10.3%
Remove Ads.
Support Sporcle.
Get the best of Sporcle when you Go Orange. This ad-free experience offers more features, more stats, and more fun while also helping to support Sporcle. Thank you for becoming a member.

You're not logged in!

Compare scores with friends on all Sporcle quizzes.
OR
Log In

Show Comments

Extras

Top Quizzes Today


Score Distribution

Your Account Isn't Verified!

In order to create a playlist on Sporcle, you need to verify the email address you used during registration. Go to your Sporcle Settings to finish the process.

Report this User

Report this user for behavior that violates our Community Guidelines.

Details: